000
00393nam a2200133Ia 4500
008
100328s9999 xx 000 0 und d
082
_b
17512
100
_a
सिंह बलवंत
245
_a
सपने सुहाने
260
_b
शिक्षा भारती
630
_a
सपने सुहाने
730
_a
सपने सुहाने
942
_c
BOOK
999
_c
512078
_d
512075